Ľudské kostrové pozostatky z Nitrianskeho hradu (výskumy v rokoch 1988-2015)

Podrobná bibliografia
Hlavní autori: Krošláková, Mária (Autor), Vondráková, Mária, 1954- (Autor), Kolena, Branislav, 1981- (Autor), Bednár, Peter, 1964- (Autor)
Médium: Kniha
Jazyk:slovenčina
Fyzický popis:92 strán fotografie, diagramy, ilustrácie (prevažne farebné), plány 30 cm
Vydavateľské údaje: Nitra Bratislava Archeologický ústav Slovenskej akadémie vied Veda 2019
ISBN:9788081960246
9788022417563
Edícia:Acta Interdisciplinaria Archaeologica
Predmet:

MARC

LEADER 00000cam a2200000 4500
001 vtls011917063
003 SK-MaSNL
005 20260426003631.0
008 210906s2019 xo abo grn 000 0 slo
015 |a SNBA2021/01 
020 |a 9788081960246  |q (Archeologický ústav SAV ;  |q viazané) 
020 |a 9788022417563  |q (VEDA ;  |q viazané) 
035 |a urn:nbn:sk:snk-am00fguu 
035 |a urn:nbn:sk:snk-am3iupr 
035 |a 6CF2EE9A-44AE-4AA0-8B98-B5C57827F48A 
040 |a SNK  |b slo  |c SNK  |e rda 
041 0 |a slo  |b eng 
043 |a e-xo--- 
044 |a xo  |c SK 
072 7 |a 572  |x Antropológia  |2 konspekt 
072 7 |a 902  |x Archeológia  |2 konspekt 
080 |a 572.71/.781:902  |2 2011 
080 |a 902:904  |2 2011 
080 |a 393.1:903.5  |2 2001 
080 |a 902.2  |2 2011 
080 |a 572:001.891  |2 2011 
080 |a (437.6)  |2 2011 
080 |a (048.8:082)  |2 2011 
100 1 |a Krošláková, Mária  |4 aut  |9 463568 
245 1 0 |a Ľudské kostrové pozostatky z Nitrianskeho hradu  |b (výskumy v rokoch 1988-2015)  |c Mária Krošláková, Mária Vondráková, Branislav Kolena, Peter Bednár 
264 1 |a Nitra  |b Archeologický ústav Slovenskej akadémie vied  |a Bratislava  |b Veda  |c 2019 
300 |a 92 strán  |b fotografie, diagramy, ilustrácie (prevažne farebné), plány  |c 30 cm 
336 |a text  |b txt  |2 rdacontent 
337 |a bez média  |b n  |2 rdamedia 
338 |a zväzok  |b nc  |2 rdacarrier 
490 1 |a Acta Interdisciplinaria Archaeologica  |v tomus XI 
504 |a Bibliografia na strane 59-61, bibliografické odkazy a poznámky 
546 |a Anglické resumé 
610 2 7 |a Nitriansky hrad  |2 SNKKA  |9 165089 
610 2 7 |a Nitra Castle  |2 SAVUKKAeng  |9 618811 
650 0 7 |a kostrové pozostatky človeka  |2 SNKPH  |9 75827 
650 0 7 |a archeologické nálezy  |2 SNKPH  |9 4975 
650 0 7 |a kostrové hroby  |2 SNKPH  |9 90143 
650 0 7 |a archeologické výskumy  |2 SNKPH  |9 74796 
650 0 7 |a antropologický výskum  |2 SNKPH  |9 69642 
650 0 7 |a Human remains (Archaeology)  |2 SNKPHeng  |9 330324 
650 0 7 |a Antiquities  |2 SNKPHeng  |9 101106 
650 0 7 |a Skeleton graves  |2 SNKPHeng  |9 368943 
650 0 7 |a Excavations (archaeology)  |2 SNKPHeng  |9 266742 
650 0 7 |a Anthropological research  |2 SNKPHeng  |9 368944 
651 7 |a Slovensko  |2 SNKPHgeo  |9 14231 
651 7 |a Slovakia  |2 SNKPHeng  |9 92630 
655 7 |a kolektívne monografie  |2 SNKPH  |9 249850 
655 7 |a Collective monographs  |2 SNKPHeng  |9 125747 
700 1 |a Vondráková, Mária,  |d 1954-  |4 aut  |9 7536 
700 1 |a Kolena, Branislav,  |d 1981-  |4 aut  |9 157746 
700 1 |a Bednár, Peter,  |d 1964-  |4 aut  |9 28179 
830 0 |a Acta Interdisciplinaria Archaeologica  |9 368946 
919 |a 978-80-8196-024-6 
919 |a 978-80-224-1756-3 
958 |a NB 
999 |c 950571  |d 952501 
952 |a SNK  |b SNK  |y PREZ  |7 0  |p 17A1425820  |o snkSB 95456  |i snk2020/8609  |8 0  |0 0  |1 0  |4 0  |d 2020-05-27  |f 1  |l 0  |r 2025-05-15 00:00:00  |w 2026-02-24 
952 |a SNK  |b SNK  |y VYP  |7 0  |p 17A1425821  |o snkSB 95456 D1  |i snk2020/8611  |8 0  |0 0  |1 0  |4 0  |d 2020-05-27  |l 0  |r 2026-02-24 09:46:59  |w 2026-02-24